Soberanía sin territorialidad: notas para una geografía posnacional /
Se discute la crisis del Estado-nación a partir del problema de la territorialidad. Desde fenómenos como los nuevos nacionalismos, los grandes movimientos migratorios, la producción de localidades, el surgimiento de translocalidades y la fuerza de identidades transnacionales, parece ser que la idea...
Zapisane w:
| 1. autor: | |
|---|---|
| Format: | Texto |
| Hasła przedmiotowe: | |
| Etykiety: |
Dodaj etykietę
Nie ma etykietki, Dołącz pierwszą etykiete!
|
MARC
| LEADER | 00000 a a2200000 04500 | ||
|---|---|---|---|
| 001 | 10613 | ||
| 003 | |||
| 040 | |||
| 100 | |a Appadurai, Arjun | ||
| 245 | |a Soberanía sin territorialidad: |b notas para una geografía posnacional / |c Arjun Appadurai | ||
| 520 | |a Se discute la crisis del Estado-nación a partir del problema de la territorialidad. Desde fenómenos como los nuevos nacionalismos, los grandes movimientos migratorios, la producción de localidades, el surgimiento de translocalidades y la fuerza de identidades transnacionales, parece ser que la idea de soberanía territorial vinculada al Estado está cada vez más alejada del concepto de nación y de sus nuevos significados en la época contemporánea. Quizá la mayor peculiaridad del Estado-nación moderno fue la noción de que las fronteras territoriales podían mantener indefinidamente las fábulas de singularidad étnica. Doc/PAG | ||
| 650 | |a SOBERANIA | ||
| 650 | |a ESTADO | ||
| 650 | |a NACION | ||
| 650 | |a CAPITALISMO | ||
| 773 | |g número 163; páginas 109-124 | ||
| 999 | |c 20595 |d 20595 | ||
